| 000 | 00000nam##2200000za#4500 |
| 001 | 9.611620 |
| 003 | CaOODSP |
| 005 | 20231123084322 |
| 007 | ta |
| 008 | 150406|1995||||xxc||||| f|0| 0 eng|d |
| 040 | |aCaOODSP|beng |
| 043 | |an-cn--- |
| 086 | 1 |aE54-10/94-52E |
| 110 | 1 |aCanada. |bForeign Affairs and International Trade Canada. |
| 245 | 10|aNotes for an address by the Honourable André Ouellet, Minister of Foreign Affairs, in the House of Commons on Canada's role in peacekeeping : |bOttawa, September 21, 1994 |
| 260 | |aOttawa - Ontario : |bForeign Affairs and International Trade |
| 300 | |a5p. ; |c28 cm. |
| 490 | 1 |aStatement|v94/52 |
| 690 | 07|aPeace|2gcpds |
| 690 | 07|aPeacekeeping|2gcpds |
| 830 | #0|aStatement ;|v94/52|w(CaOODSP)9.514511 |